00665nam a2200169Ia 4500008004100000082001700041100001500058245003800073250000800111260002400119300001000143650001500153942001200168952015000180952015000330999001500480150201s2008 xx 000 0 und d a616.89bP08V aVYAS, J.N. aTB. OF POSTGRADUATE PSYCHIATRY -1 a2ND bJAYPEEaDELHIc2008 a1-520 aPSYCHIATRY 2ddccBK 00102ddc40718MEDICALaFMbFMcREFd2013-11-13eABC DELHIg2395.00hIiSGTUl0o616.89 P08VpFM5541r2015-02-09 00:00:00w2013-11-21yBKk3993 00102ddc40718MEDICALaFMbFMcREFd2013-11-13eABC DELHIg2395.00hIiSGTUl0o616.89 P08VpFM5542r2015-02-09 00:00:00w2013-11-21yBKk3993 c1572d1572